000 00713nam a22002177a 4500
003 OSt
005 20230112123622.0
008 230112b |||||||| |||| 00| 0 eng d
040 _cBiblioteca Lado V
082 _a708
_bD858a
100 _9509
_aDuffy, Frank
_efotógrafo
245 _aAna I. Marten/
260 _aCosta Rica
_cGrafos S. A.
_b1999
300 _a45p.
_c26x26cm
650 _2Tesauro de Arte & Arquitectura
_aARTE VISUAL
650 _2Tesauro de Arte & Arquitectura
_aARTE
650 _2Tesauro de Arte & Arquitectura
_aPINTURA
650 _2Tesauro de Arte & Arquitectura
_aARTE COSTARRICENSE
700 _aNoorthoorn, Victoria
_ecurador
942 _2ddc
_c1
_h708
_iD858a
_n0
999 _c2749
_d2749